[Event "FRA-ch (Women)"]
[Site "Saint Quentin"]
[Date "2005.06.24"]
[Round "1"]
[White "Leconte, Maria"]
[Black "Legris, Delphine"]
[Result "1-0"]
[WhiteElo "2430"]
[BlackElo "1820"]
[PlyCount "24"]
[EventDate "2005.06.24"]
[EventType "swiss (rapid)"]
[EventRounds "9"]
[EventCountry "FRA"]
[SourceTitle "EXT 2007"]
[Source "ChessBase"]
[SourceDate "2006.11.23"]
[SourceVersion "1"]
[SourceVersionDate "2006.11.23"]
[SourceQuality "1"]

1. e4 c5 2. Nf3 e6 3. d4 cxd4 4. Nxd4 a6 5. Nc3 Nc6 6. Be3 Qc7 7. Qe2 Nf6 8. g4 Be7 9. Bg2 d6 10. 0-0 0-0 11. g5 Ne8 12. f4 Bd7 1-0